Vista normal Vista MARC

Entrada Personal Name

Número de registros utilizados en: 1

001 - CONTROL NUMBER

  • control field: 38424

003 - CONTROL NUMBER IDENTIFIER

  • control field: OSt

005 - DATE AND TIME OF LATEST TRANSACTION

  • control field: 20210713153419.0

008 - FIXED-LENGTH DATA ELEMENTS

  • fixed length control field: 210713|| aca||aabn | a|a d

040 ## - CATALOGING SOURCE

  • Original cataloging agency: OSt
  • Transcribing agency: OSt

100 ## - HEADING--PERSONAL NAME

  • Personal name: Palacio, Germán

670 ## - SOURCE DATA FOUND

  • Source citation: Work cat.: (OSt)11921: Restrepo, Darío, autor 26807, Globalización y estado nación / , 1996.